Welcome to CU Library Online Public Access Catalogue (OPAC)

Interiors : (Record no. 402)

MARC details
000 -LEADER
fixed length control field 00896cam a22002534a 4500
001 - CONTROL NUMBER
control field 13895570
005 - DATE AND TIME OF LATEST TRANSACTION
control field 20241030180032.0
008 - FIXED-LENGTH DATA ELEMENTS--GENERAL INFORMATION
fixed length control field 050310s2007 maua f 001 0 eng
020 ## - INTERNATIONAL STANDARD BOOK NUMBER
International Standard Book Number 9780072965209
020 ## - INTERNATIONAL STANDARD BOOK NUMBER
International Standard Book Number 9780072965209
050 00 - LIBRARY OF CONGRESS CALL NUMBER
Classification number NK2115
Item number .N45 2007
082 00 - DEWEY DECIMAL CLASSIFICATION NUMBER
Classification number 729
Edition information 22
100 1# - MAIN ENTRY--PERSONAL NAME
Personal name Nielson, Karla J.
245 10 - TITLE STATEMENT
Title Interiors :
Remainder of title an introduction /
Statement of responsibility, etc. Karla J. Nielson & David A. Taylor.
250 ## - EDITION STATEMENT
Edition statement 4th ed.
260 ## - PUBLICATION, DISTRIBUTION, ETC.
Place of publication, distribution, etc. Boston :
Name of publisher, distributor, etc. McGraw-Hill,
Date of publication, distribution, etc. c2007.
300 ## - PHYSICAL DESCRIPTION
Extent xvii, 494 p. :
Other physical details ill. (some col.) ;
Dimensions 28 cm.
500 ## - GENERAL NOTE
General note Includes index.
650 #0 - SUBJECT ADDED ENTRY--TOPICAL TERM
Topical term or geographic name entry element Interior decoration
Form subdivision Handbooks, manuals, etc.
700 1# - ADDED ENTRY--PERSONAL NAME
Personal name Taylor, David A.,
Titles and other words associated with a name MA.
856 42 - ELECTRONIC LOCATION AND ACCESS
Materials specified Publisher description
Uniform Resource Identifier <a href="http://www.loc.gov/catdir/enhancements/fy0668/2005040882-d.html">http://www.loc.gov/catdir/enhancements/fy0668/2005040882-d.html</a>
856 41 - ELECTRONIC LOCATION AND ACCESS
Materials specified Table of contents only
Uniform Resource Identifier <a href="http://www.loc.gov/catdir/enhancements/fy0668/2005040882-t.html">http://www.loc.gov/catdir/enhancements/fy0668/2005040882-t.html</a>
942 ## - ADDED ENTRY ELEMENTS (KOHA)
Source of classification or shelving scheme Library of Congress Classification
Koha item type Books
Edition 4th Ed.
Suppress in OPAC No
999 ## -
-- 402
-- 402
Holdings
Withdrawn status Lost status Source of classification or shelving scheme Damaged status Not for loan Collection Home library Current library Shelving location Date acquired Total checkouts Full call number Barcode Date last seen Copy number Price effective from Koha item type
    Library of Congress Classification     Non-fiction Science Library (Miotso) Science Library (Miotso) General stacks 10/30/2024   NK2115 .N45 2007 SLM00000188 10/30/2024 1 10/30/2024 Books
© 2023-2024 Copyright: Central University Libraries. All Rights Reserved | Created by: Mahone Tech Office